| 000 | 00986nam a22002297a 4500 | ||
|---|---|---|---|
| 001 | 38424 | ||
| 003 | BD-RjUL | ||
| 005 | 20211209052808.0 | ||
| 008 | 151130s1975 bg ||||| |||| 00| 0 ben d | ||
| 035 | _a(BD-RjUL)38529 | ||
| 040 |
_aBD-RjUL _bben _cBD-RjUL |
||
| 041 | _aben | ||
| 082 |
_a891.4416 _bBAN 1975 |
||
| 100 |
_aবসু, মদুসূদন _9118686 |
||
| 245 |
_aনজরুল-কাব্যপরিচয় / _cমদুসূদন বসু |
||
| 260 |
_aকলিকাতা : _bতপনকুমার ঘোষ ,সাহিত্যশ্রী, _c১৯৭৫ |
||
| 300 |
_aix, ২২৩ পৃ. ; _c২২ সেমি. |
||
| 504 | _a Includes bibliographical references and index. | ||
| 600 |
_aNazrul Islam, _cKazi, _d1899-1976 _xCriticism and interpretation. _9119418 |
||
| 600 |
_aনজরুল ইসলাম, _cকাজী, _d১৮৯৯-১৯৭৬ _xব্যাখ্যা এবং সমালোচনা _9119419 |
||
| 942 |
_2ddc _cBK _01 |
||
| 999 |
_c38424 _d38424 |
||